000 00559nam a22002177a 4500
003 UA-OsUOA
001 68691
007 ta
008 20100514b un ||||| |||| 00| 0 ukr d
100 _aЗбанацький А.
090 _a9494770
_bЗ-41
942 _cSA
040 _aUA-OsUOA
_bukr
_cUA-OsUOA
_dUA-OsUOA
245 _aКиївський щоденник часів війни
300 _aС.7
955 _a0
041 _aukr
080 _a9494770
773 0 _w68690
650 7 _a9 Географія. Біографії. Історія
_2UDC
999 _c354950
_d354950